| 000 | 00602nam a2200193 i 4500 | ||
|---|---|---|---|
| 001 | bgj | ||
| 100 | 1 | _aCURRY, Dean. | |
| 245 | 1 | 0 |
_aDay by day : _boral skills practice book for students at the intermediate level / _cDean Curry. |
| 260 |
_aWashington, D.C. : _bUnited States Information Agency, _c1991. |
||
| 300 |
_aVIII, 67 pp : _bill. ; _c26 cm. |
||
| 505 | _aIncludes glossary. | ||
| 650 | 9 |
_aEnglish language _xSpoken English |
|
| 655 | _aTextbook for foreigners intermediate | ||
| 020 | _apbk | ||
| 040 | _cBPK | ||
| 041 | 0 | _aeng | |
| 942 | _cKS | ||
| 008 | s uk f |000 0 eng | ||
| 999 |
_c41328 _d41328 |
||
| 856 |
_uhttp://koha.tu.koszalin.pl/cgi-bin/koha/opac-detail.pl?biblionumber=41328 _yKatalog online BPK |
||